00621nam a2200205Ia 4500008004100000020001300041040001900054041001200073082002400085100001800109245006100127250001200188260003500200300001900235650001600254850001800270942000700288999001700295952010300312131103s9999 xx 000 0 und d cRs.15.00 aLoreto College aEnglish a510/SINbLCBED/9832 aSinhal, O. p. 2aA text book of mathematicsb for class vi cO. P. Sinhal a1st ed. aBombaybGeneral Printersc1983 a122p. c 24cm. aMathematics aLCBED/510/SIN cBK c28295d78774 01102ddc4070aMAINbMAINd2013-11-04l0o510/SIN LCBED/9832pB31140r2013-11-04w2013-11-04yBK